[Event "TCh-CHN"]
[Site "Shanghai CHN"]
[Date "2010.07.25"]
[Round "8"]
[White "Zhao, Xue"]
[Black "Zhang, Jilin"]
[Result "0-1"]
[WhiteTitle "GM"]
[BlackTitle "WGM"]
[WhiteElo "2490"]
[BlackElo "2281"]
[WhiteTeam "BEIJING Aigo"]
[BlackTeam "SHANGDONG Linglong"]
[WhiteFideId "8601283"]
[BlackFideId "8602867"]
[EventDate "2010.05.23"]

1. Nf3 Nf6 2. c4 g6 3. b3 Bg7 4. Bb2 O-O 5. d3 d6 6. g3 b6 7. Bg2 Bb7 8. O-O
Nbd7 9. Nc3 e5 10. Qc2 Re8 11. Rfd1 Qc8 12. e3 a5 13. Re1 c6 14. Rac1 Qc7 15. d4
Rac8 16. Qd2 Qb8 17. Ng5 h6 18. Nh3 b5 19. Ne2 b4 20. f3 d5 21. cxd5 Nxd5 22. e4
N5f6 23. Nf2 Rcd8 24. Rcd1 exd4 25. Bxd4 Ba6 26. Qc1 c5 27. Be3 Kh7 28. Rd2 Bf8
29. Nf4 Ne5 30. Rc2 Rc8 31. Bxc5 Bxc5 32. Rxc5 Qb6 33. Rxc8 Rxc8 34. Qd2 Rc3 35.
Rd1 Rxf3 36. Qd4 Qxd4 37. Rxd4 Rc3 38. Rd6 Rc1+ 39. Nd1 Bd3 40. Nxd3 Rxd1+ 41.
Kf2 Nxd3+ 42. Ke2 Rg1 43. Rxf6 Rxg2+ 44. Kxd3 Kg7 45. Ra6 Rxa2 46. h4 Rg2 47.
Rxa5 Rxg3+ 48. Kc4 Rg4 49. Kxb4 Rxe4+ 50. Kc5 Re5+ 51. Kb6 Rxa5 52. Kxa5 g5 0-1

[Event "TCh-CHN"]
[Site "Shanghai CHN"]
[Date "2010.07.25"]
[Round "8"]
[White "Lu, Shanglei"]
[Black "Wang, Chen"]
[Result "1-0"]
[WhiteElo "2340"]
[BlackElo "2390"]
[WhiteTeam "ZHEJIANG"]
[BlackTeam "China Mobile CHONGQING"]
[WhiteFideId "8603332"]
[BlackFideId "8601020"]
[EventDate "2010.05.23"]

1. e4 d5 2. exd5 Qxd5 3. Nc3 Qa5 4. d4 Nf6 5. Nf3 Nc6 6. Bb5 Nd5 7. a4 Nxc3 8.
bxc3 a6 9. Bxc6+ bxc6 10. O-O Bg4 11. Qd3 Bf5 12. Qd2 e6 13. Ne5 Qd5 14. c4 Qe4
15. c3 c5 16. Re1 Qc2 17. Qe3 Bd6 18. Nc6 Qd3 19. dxc5 Qxe3 20. Bxe3 Be7 21. Ra2
f6 22. Rb2 Be4 23. Na5 Rd8 24. c6 Kf7 25. Rb7 Bd6 26. Bb6 Kg6 27. Bxc7 Bxc7 28.
Rxc7 e5 29. h3 Bc2 30. Rb7 Rc8 31. c7 Rhf8 32. f4 e4 33. f5+ Kh6 34. Nc6 Rf7 35.
Nd4 Bd3 36. Ne6 g6 37. g4 gxf5 38. gxf5 e3 39. Rxe3 Bxf5 40. Nd4 Bg6 41. c5
Rcxc7 42. Rxc7 Rxc7 43. c6 Bf7 44. Re7 1-0

[Event "TCh-CHN"]
[Site "Shanghai CHN"]
[Date "2010.07.25"]
[Round "8"]
[White "Huang, Qian"]
[Black "Wang, Xiaohui"]
[Result "1-0"]
[WhiteTitle "WGM"]
[WhiteElo "2439"]
[BlackElo "2238"]
[WhiteTeam "China Mobile CHONGQING"]
[BlackTeam "ZHEJIANG"]
[WhiteFideId "8602689"]
[BlackFideId "8603073"]
[EventDate "2010.05.23"]

1. c4 Nf6 2. Nf3 e6 3. Nc3 d5 4. d4 Be7 5. Bg5 O-O 6. e3 h6 7. Bh4 Nbd7 8. Qc2
b6 9. cxd5 exd5 10. Bd3 Bb7 11. O-O Re8 12. Rad1 a6 13. h3 Bd6 14. Ne2 c5 15.
Bg3 Bxg3 16. Nxg3 Ne4 17. Bxe4 dxe4 18. Ne1 Rc8 19. Qd2 Qg5 20. Nc2 Red8 21. Qe2
Bd5 22. b3 c4 23. Nb4 cxb3 24. h4 Bc4 25. hxg5 Bxe2 26. Nxe2 a5 27. Nd5 Rc2 28.
Nec3 bxa2 29. Rc1 Rb2 30. Ra1 Nb8 31. Na4 Rd2 32. Ndxb6 Nc6 33. Rfc1 Nb4 34. Nc4
Rd3 35. Nc5 1-0

[Event "TCh-CHN"]
[Site "Shanghai CHN"]
[Date "2010.07.25"]
[Round "8"]
[White "Yu, Ruiyuan"]
[Black "Yu, Shaoteng"]
[Result "0-1"]
[BlackTitle "GM"]
[WhiteElo "2309"]
[BlackElo "2529"]
[WhiteTeam "BEIJING Rendafuzhong"]
[BlackTeam "GUANGDONG Huateng"]
[WhiteFideId "8603090"]
[BlackFideId "8600660"]
[EventDate "2010.05.23"]

1. e4 c5 2. Nf3 e6 3. d4 cxd4 4. Nxd4 Nf6 5. Nc3 d6 6. Be2 a6 7. f4 Qc7 8. O-O
Be7 9. a4 b6 10. e5 dxe5 11. fxe5 Nfd7 12. Bf4 Bb7 13. Kh1 Nc6 14. Nd5 Qc8 15.
Nxe7 Nxe7 16. Bd3 Nc5 17. Bg3 Qd7 18. Bc4 Rd8 19. c3 Qc8 20. Bh4 Rd7 21. Bxe7
Rxe7 22. Qh5 O-O 23. Rf4 Nd7 24. Rg4 g6 25. Qg5 Nxe5 26. Qxe5 Qxc4 27. Qf6 Qc7
28. Rf1 Qd8 29. h4 Rd7 30. Qf4 Rd5 31. Qh6 Re5 32. h5 Qd5 33. Kg1 Rxh5 34. Qe3
Qe5 35. Qxe5 Rxe5 36. Nb3 Rd8 37. Rb4 Re2 0-1

[Event "TCh-CHN"]
[Site "Shanghai CHN"]
[Date "2010.07.25"]
[Round "8"]
[White "Kuang, Yinghui"]
[Black "Fan, Yun"]
[Result "1-0"]
[WhiteTitle "WIM"]
[WhiteElo "2202"]
[BlackElo "1962"]
[WhiteTeam "GUANGDONG Huateng"]
[BlackTeam "BEIJING Rendafuzhong"]
[WhiteFideId "8600988"]
[BlackFideId "8603731"]
[EventDate "2010.05.23"]

1. e4 c5 2. d3 Nc6 3. g3 d6 4. Bg2 g6 5. Ne2 Bg7 6. c3 Nf6 7. O-O O-O 8. h3 Rb8
9. Be3 Qc7 10. d4 Rd8 11. Nd2 cxd4 12. cxd4 Qa5 13. d5 Ne5 14. f4 Ned7 15. a3
Qa6 16. Nc3 Nc5 17. Rf3 Bd7 18. e5 Ne8 19. Bf1 b5 20. Bxc5 dxc5 21. a4 Qc8 22.
axb5 c4 23. Kh2 Bxb5 24. b3 Ba6 25. bxc4 Rb2 26. Qc1 Rb6 27. Qa3 e6 28. c5 Bb7
29. cxb6 axb6 30. Ba6 exd5 31. Bxb7 Qxb7 32. Nb5 Bf8 33. Qb2 d4 34. Nxd4 Qd5 35.
Rd3 Bc5 36. N2f3 Qc4 37. Qb3 Qxb3 38. Rxb3 Bxd4 39. Rd1 Bg1+ 40. Rxg1 1-0

[Event "TCh-CHN"]
[Site "Shanghai CHN"]
[Date "2010.07.25"]
[Round "8"]
[White "Paehtz, Elisabeth"]
[Black "Zhang, Xiaowen"]
[Result "1/2-1/2"]
[WhiteTitle "IM"]
[BlackTitle "WGM"]
[WhiteElo "2486"]
[BlackElo "2437"]
[WhiteTeam "TIANJIN Nan Kai"]
[BlackTeam "SHANGHAI Jianqiao"]
[WhiteFideId "4641833"]
[BlackFideId "8603219"]
[EventDate "2010.05.23"]

1. e4 e6 2. d4 d5 3. Nd2 c5 4. exd5 Qxd5 5. Ngf3 cxd4 6. Bc4 Qd6 7. O-O Nf6 8.
Nb3 Nc6 9. Nbxd4 Nxd4 10. Nxd4 Be7 11. c3 O-O 12. Qf3 Qc7 13. Bb3 Bd7 14. Bg5
Rfe8 15. Rfe1 a5 16. a4 Bc6 17. Qh3 Nd5 18. Bc2 g6 19. Bxe7 Rxe7 20. Qh4 Qf4 21.
Qxf4 Nxf4 22. g3 Nd5 23. f4 Rd7 24. Be4 Kg7 25. Re2 h5 26. Kf2 Rc8 1/2-1/2

[Event "TCh-CHN"]
[Site "Shanghai CHN"]
[Date "2010.07.26"]
[Round "9"]
[White "Zhou, Weiqi"]
[Black "Lou, Yiping"]
[Result "1-0"]
[WhiteTitle "GM"]
[WhiteElo "2584"]
[BlackElo "2429"]
[WhiteTeam "Lanpo JIANGSU"]
[BlackTeam "SHANGHAI Jianqiao"]
[WhiteFideId "8601674"]
[BlackFideId "8603928"]
[EventDate "2010.05.23"]

1. d4 Nf6 2. c4 g6 3. Nc3 d5 4. Nf3 Bg7 5. e3 O-O 6. b4 c6 7. Bb2 Bf5 8. Rc1
Nbd7 9. Be2 a5 10. b5 cxb5 11. Nxb5 dxc4 12. Bxc4 Nb6 13. Be2 Rc8 14. O-O Be6
15. Rxc8 Qxc8 16. Ba3 Re8 17. Qb1 Bf5 18. Qb2 Nbd5 19. Ne5 Qb8 20. Bc4 Be6 21.
Re1 Ne4 22. Bb3 b6 23. Nc6 Qb7 24. Qc2 Bf8 25. Rc1 Nd6 26. Nxe7+ Bxe7 27. Nxd6
Bxd6 28. Bxd6 b5 29. e4 Nb6 30. d5 Bd7 31. a3 a4 32. Ba2 Rc8 33. Qb2 Rxc1+ 34.
Qxc1 Nc4 35. Bb4 Qc8 36. h3 Kg7 37. Bc3+ f6 38. Qf4 Qf8 39. Bxc4 bxc4 40. Qc7
Qe7 41. Bb2 h5 42. f4 h4 43. e5 fxe5 44. fxe5 Kh6 45. e6 1-0

[Event "TCh-CHN"]
[Site "Shanghai CHN"]
[Date "2010.07.26"]
[Round "9"]
[White "Zhou, Jianchao"]
[Black "Xu, Jun"]
[Result "1/2-1/2"]
[WhiteTitle "GM"]
[BlackTitle "GM"]
[WhiteElo "2650"]
[BlackElo "2513"]
[WhiteTeam "SHANGHAI Jianqiao"]
[BlackTeam "Lanpo JIANGSU"]
[WhiteFideId "8603537"]
[BlackFideId "8600031"]
[EventDate "2010.05.23"]

1. d4 Nf6 2. c4 e6 3. Nc3 Bb4 4. e3 c5 5. Bd3 Nc6 6. Ne2 d5 7. cxd5 exd5 8. O-O
cxd4 9. Nxd4 O-O 10. Nxc6 bxc6 11. Qc2 Bd6 12. e4 Re8 13. f4 dxe4 14. Nxe4 Nxe4
15. Bxe4 Ba6 16. Rd1 h6 17. Bf3 Qb6+ 18. Kh1 Rad8 19. b3 Be2 20. Bxe2 Qf2 21.
Qxc6 Rxe2 22. Ba3 Bc7 23. Rf1 Rxa2 24. Rfd1 Re2 25. Rf1 Ra2 26. Rac1 Qd2 27. Bb4
Qxb4 28. Qxc7 Re8 29. Qd7 Qe7 30. Qxe7 Rxe7 31. Ra1 Rd2 32. Rfd1 Rc2 33. Rdc1
Rb2 34. Rcb1 Rbe2 35. h3 h5 36. Ra5 g6 37. f5 Kg7 38. Rf1 Rc7 39. fxg6 fxg6 40.
Rfa1 Rcc2 41. Rxa7+ Kh6 42. Rg1 Rb2 43. Rb7 Re3 44. Ra7 Ree2 45. Rb7 Re3 1/2-1/2

[Event "TCh-CHN"]
[Site "Shanghai CHN"]
[Date "2010.07.26"]
[Round "9"]
[White "Ju, Wenjun"]
[Black "Shen, Yang"]
[Result "1-0"]
[WhiteTitle "WGM"]
[BlackTitle "WGM"]
[WhiteElo "2500"]
[BlackElo "2444"]
[WhiteTeam "SHANGHAI Jianqiao"]
[BlackTeam "Lanpo JIANGSU"]
[WhiteFideId "8603006"]
[BlackFideId "8603162"]
[EventDate "2010.05.23"]

1. c4 e5 2. Nc3 Nf6 3. g3 d5 4. cxd5 Nxd5 5. Bg2 Nb6 6. Nf3 Nc6 7. O-O Be7 8. a3
O-O 9. b4 Be6 10. d3 f6 11. Bb2 a5 12. b5 Nd4 13. Nxd4 exd4 14. Na4 Rb8 15. Rc1
f5 16. Nc5 Bd5 17. Bxd5+ Qxd5 18. Qb3 Rbd8 19. Bxd4 Qxb3 20. Nxb3 a4 21. Bxb6
cxb6 22. Nd2 Bxa3 23. Ra1 Bb4 24. Nc4 a3 25. Nxa3 Rfe8 26. Nc2 Bd2 27. Rfd1 Rxe2
28. Kf1 Rde8 29. Nd4 Rxf2+ 30. Kxf2 Be3+ 31. Kg2 Bxd4 32. Re1 Rd8 33. Ra7 Bc5
34. Rxb7 h6 35. Re5 Rxd3 36. Rxf5 Rd2+ 37. Kh3 Rb2 38. Rff7 Bd4 39. Rfd7 Rb4 40.
Kg2 Kh7 41. Kf3 h5 42. Rd5 Kh6 43. h4 Rb3+ 44. Ke4 Bf2 45. Rf5 Bc5 46. Rg5 g6
47. Rf7 Rb4+ 48. Kf3 Rb3+ 49. Ke4 Rb4+ 50. Kd3 Rd4+ 51. Kc3 Rd6 52. Rxc5 bxc5
53. Rc7 Rd5 54. b6 Rd6 55. b7 Rb6 56. Kc4 Rb2 57. Kxc5 Rb1 58. Kc6 g5 59. Rc8 1-0

[Event "TCh-CHN"]
[Site "Shanghai CHN"]
[Date "2010.07.26"]
[Round "9"]
[White "Li, Shilong"]
[Black "Li, Haoyu"]
[Result "1-0"]
[WhiteTitle "GM"]
[WhiteElo "2514"]
[BlackElo "2369"]
[WhiteTeam "GUANGDONG Huateng"]
[BlackTeam "TIANJIN Nan Kai"]
[WhiteFideId "8600678"]
[BlackFideId "8601488"]
[EventDate "2010.05.23"]

1. d4 Nf6 2. Nf3 e6 3. c4 d5 4. Nc3 c6 5. Bg5 Nbd7 6. cxd5 exd5 7. e3 Be7 8. Bd3
Nh5 9. Bxe7 Qxe7 10. O-O O-O 11. Qb1 Nhf6 12. b4 Re8 13. Rc1 h6 14. Na4 Ne4 15.
Bxe4 dxe4 16. Nd2 Qh4 17. b5 Nf6 18. Nf1 cxb5 19. Qxb5 Bd7 20. Qb3 b6 21. Nc3
Be6 22. Qb2 Bg4 23. Ne2 Nd5 24. Nc3 Nf6 25. Qb5 Rad8 26. a4 Bd7 27. Qa6 Bg4 28.
Qxa7 Bf3 29. Qc7 Nh5 30. Ng3 Rc8 31. Qb7 Rb8 32. Qa6 b5 33. gxf3 exf3 34. Qc6
Qg4 35. h3 1-0

[Event "TCh-CHN"]
[Site "Shanghai CHN"]
[Date "2010.07.26"]
[Round "9"]
[White "Yu, Shaoteng"]
[Black "Liu, Qingnan"]
[Result "1/2-1/2"]
[WhiteTitle "GM"]
[BlackTitle "IM"]
[WhiteElo "2529"]
[BlackElo "2445"]
[WhiteTeam "GUANGDONG Huateng"]
[BlackTeam "TIANJIN Nan Kai"]
[WhiteFideId "8600660"]
[BlackFideId "8603294"]
[EventDate "2010.05.23"]

1. e4 c5 2. Nf3 d6 3. d4 cxd4 4. Nxd4 Nf6 5. Nc3 a6 6. Be2 e5 7. Nb3 Be7 8. O-O
O-O 9. Re1 Be6 10. Bf3 Nc6 11. Nd5 Bxd5 12. exd5 Na5 13. Nxa5 Qxa5 14. Bd2 Qb6
15. b3 Nd7 16. Be2 f5 17. Be3 Qc7 18. f3 Bh4 19. g3 Bf6 20. Rc1 e4 21. fxe4 Bc3
22. Bd2 Bd4+ 23. Kh1 Bf2 24. Rf1 fxe4 25. Bf4 e3 26. Bg4 Rae8 27. c4 Nf6 28. Rc2
Nxg4 29. Qxg4 Qe7 30. Qe6+ Qxe6 31. dxe6 Rxe6 32. Re2 Bxg3 33. hxg3 g5 34. Rf3
gxf4 35. gxf4 b5 36. Rexe3 Rxe3 37. Rxe3 bxc4 38. bxc4 Rxf4 39. Ra3 Rxc4 40.
Rxa6 d5 41. a4 d4 42. Kg2 h5 43. Rh6 Rc5 44. Rd6 Rc4 45. Rh6 Rxa4 46. Rxh5 Kf7
47. Kf3 1/2-1/2

[Event "TCh-CHN"]
[Site "Shanghai CHN"]
[Date "2010.07.26"]
[Round "9"]
[White "Ning, Chunhong"]
[Black "Le, Thanh Tu"]
[Result "0-1"]
[WhiteTitle "WGM"]
[BlackTitle "WGM"]
[WhiteElo "2347"]
[BlackElo "2318"]
[WhiteTeam "TIANJIN Nan Kai"]
[BlackTeam "GUANGDONG Huateng"]
[WhiteFideId "8600376"]
[BlackFideId "12401005"]
[EventDate "2010.05.23"]

1. e4 e6 2. d3 d5 3. Nd2 Nf6 4. Ngf3 Nbd7 5. g3 dxe4 6. dxe4 e5 7. Bg2 Bc5 8.
O-O O-O 9. c3 a5 10. h3 b6 11. Re1 Bb7 12. Qc2 Qe7 13. Nf1 Rad8 14. Nh4 Rfe8 15.
a3 Qe6 16. b4 Bf8 17. Bd2 axb4 18. axb4 b5 19. Ra5 Qc6 20. Qb3 Nb6 21. Bg5 Nc4
22. Ra7 Ra8 23. Rxa8 Rxa8 24. Qc2 h6 25. Bxf6 Qxf6 26. Ne3 Nxe3 27. Rxe3 c5 28.
bxc5 Bxc5 29. Rf3 Qe6 30. Rd3 Ra2 31. Rd8+ Kh7 32. Qd3 Rxf2 33. Kh2 Bc6 34. Rb8
Ba7 35. Rf8 Qe7 36. Rd8 Qc5 37. g4 Rf4 38. Qb1 0-1

[Event "TCh-CHN"]
[Site "Shanghai CHN"]
[Date "2010.07.26"]
[Round "9"]
[White "Kuang, Yinghui"]
[Black "Paehtz, Elisabeth"]
[Result "1-0"]
[WhiteTitle "WIM"]
[BlackTitle "IM"]
[WhiteElo "2202"]
[BlackElo "2486"]
[WhiteTeam "GUANGDONG Huateng"]
[BlackTeam "TIANJIN Nan Kai"]
[WhiteFideId "8600988"]
[BlackFideId "4641833"]
[EventDate "2010.05.23"]

1. e4 c5 2. d3 Nc6 3. g3 g6 4. Bg2 Bg7 5. Ne2 e6 6. c3 Nge7 7. Be3 b6 8. O-O Ba6
9. Re1 Bc8 10. Rf1 Ba6 11. Re1 O-O 12. d4 cxd4 13. Nxd4 Ne5 14. Na3 N7c6 15.
Ndb5 Bxb5 16. Nxb5 Nc4 17. Bc1 Qe7 18. Be3 Qd8 19. Bc1 Qe7 20. Bf1 N6e5 21. b3
a6 22. Nd4 Na5 23. Be3 f5 24. exf5 gxf5 25. f4 Nec6 26. Rc1 Nxd4 27. Bxd4 Bxd4+
28. Qxd4 Qc5 29. Qxc5 bxc5 30. Re5 Rfc8 31. Rd1 Rc7 32. Rd6 Kf7 33. Rxa6 Rxa6
34. Bxa6 d5 35. Re2 Nb7 36. Bxb7 Rxb7 37. Rb2 Ke7 38. a4 Ra7 39. Kf2 Kd6 40. Ke3
h5 41. Kd3 Kc6 42. Re2 Kd6 43. Ra2 Rb7 44. Kc2 Kc6 45. Ra1 Rb8 46. Re1 Kd6 47.
a5 Rb5 48. Ra1 Kc7 49. a6 Kb8 50. a7+ Ka8 51. Ra6 h4 52. Rxe6 hxg3 53. hxg3 c4
54. bxc4 dxc4 55. Re5 Rb6 56. Rxf5 Kxa7 57. g4 Re6 58. g5 Re2+ 59. Kd1 Rg2 60.
Rf6 Kb7 61. g6 Kc7 62. f5 Kd7 63. Rf7+ 1-0

[Event "TCh-CHN"]
[Site "Shanghai CHN"]
[Date "2010.07.26"]
[Round "9"]
[White "Wang, Chen"]
[Black "Zeng, Chongsheng"]
[Result "1-0"]
[WhiteElo "2390"]
[BlackElo "2350"]
[WhiteTeam "China Mobile CHONGQING"]
[BlackTeam "BEIJING Rendafuzhong"]
[WhiteFideId "8601020"]
[BlackFideId "8603847"]
[EventDate "2010.05.23"]

1. e4 c5 2. Nf3 e6 3. b3 Nc6 4. Bb2 d6 5. d4 cxd4 6. Nxd4 Nge7 7. Be2 a6 8. O-O
Ng6 9. g3 e5 10. Nf5 Bxf5 11. exf5 Nge7 12. Bg4 g6 13. Qf3 gxf5 14. Bxf5 Bg7 15.
Be4 O-O 16. Qh5 f5 17. Bg2 d5 18. Nd2 Qd6 19. Nf3 Qg6 20. Qxg6 hxg6 21. Ng5 Bf6
22. Ne6 e4 23. Nxf8 Bxb2 24. Rab1 Bc3 25. Ne6 Kf7 26. Nf4 Nd4 27. h4 Kf6 28.
Rfd1 Ke5 29. Bf1 Nf3+ 30. Kg2 Nxh4+ 31. gxh4 Kxf4 32. b4 d4 33. b5 a5 34. b6 Nc6
35. a3 Ne5 36. Be2 Nf3 37. Rh1 Rh8 38. h5 gxh5 39. Bxf3 exf3+ 40. Kh3 Rg8 41.
Rhg1 Rg4 42. Rbd1 a4 43. Rb1 Bd2 44. Rgd1 Bc3 45. Rg1 Ke4 46. Rg3 Bd2 47. Rd1
Bg5 48. Re1+ Kf4 49. Kh2 Bh4 50. Rxg4+ hxg4 51. Kg1 d3 52. cxd3 Bf6 53. Kf1 Bd4
54. Rb1 Ke5 55. Rb4 f4 56. Rb5+ Kd6 57. Rg5 Bxb6 58. Rg6+ Kc7 59. Rxg4 Bc5 60.
Rxf4 b5 61. Ke1 Kc6 62. Rxf3 Bxa3 63. Kd2 Bb2 64. Kc2 Bd4 65. Rf4 Kc5 66. Rf8 b4
67. Rc8+ Kb5 68. Rb8+ Kc5 69. f4 b3+ 70. Kb1 Bf6 71. f5 Kd4 72. Rb4+ Ke5 73.
Rxa4 Kxf5 74. Rb4 b2 75. Re4 Bg7 76. Kc2 Bc3 77. Re2 Bf6 78. Re1 Bg7 79. Kb3 Bf6
80. Rb1 Ke6 81. Kc4 Kf5 82. Rf1+ Ke6 83. Rb1 Kf5 84. d4 Ke4 85. Re1+ Kf5 86. Kd3
Bg5 87. Re5+ Kf6 88. Kc2 Bf4 89. Re2 Bc1 90. d5 Bf4 91. Kxb2 1-0

[Event "TCh-CHN"]
[Site "Shanghai CHN"]
[Date "2010.07.26"]
[Round "9"]
[White "Gao, Rui"]
[Black "Yu, Ruiyuan"]
[Result "1/2-1/2"]
[WhiteTitle "IM"]
[WhiteElo "2464"]
[BlackElo "2309"]
[WhiteTeam "China Mobile CHONGQING"]
[BlackTeam "BEIJING Rendafuzhong"]
[WhiteFideId "8602387"]
[BlackFideId "8603090"]
[EventDate "2010.05.23"]

1. e4 c6 2. d4 d5 3. Nc3 dxe4 4. Nxe4 Bf5 5. Ng3 Bg6 6. h4 h6 7. Nf3 Nd7 8. h5
Bh7 9. Bd3 Bxd3 10. Qxd3 e6 11. Bd2 Qc7 12. O-O-O O-O-O 13. Ne4 Ngf6 14. g3 Nxe4
15. Qxe4 Nf6 16. Qe2 Bd6 17. c4 c5 18. Bc3 cxd4 19. Nxd4 a6 20. Kb1 Rd7 21. Nb3
Qc6 22. Bxf6 gxf6 23. c5 Bc7 24. Rxd7 Qxh1+ 25. Rd1 Qc6 26. g4 Rd8 27. Rxd8+
Kxd8 28. f3 Qd5 29. Kc2 f5 30. Qd3 Qxd3+ 31. Kxd3 fxg4 32. fxg4 Be5 33. Nd4 f6
34. b4 Kc7 35. a4 b6 36. Kc4 Kb7 37. cxb6 1/2-1/2

[Event "TCh-CHN"]
[Site "Shanghai CHN"]
[Date "2010.07.26"]
[Round "9"]
[White "Xu, Ruoying"]
[Black "Huang, Qian"]
[Result "1-0"]
[BlackTitle "WGM"]
[WhiteElo "2028"]
[BlackElo "2439"]
[WhiteTeam "BEIJING Rendafuzhong"]
[BlackTeam "China Mobile CHONGQING"]
[WhiteFideId "8603707"]
[BlackFideId "8602689"]
[EventDate "2010.05.23"]

1. d4 Nf6 2. c4 c5 3. d5 e5 4. Nc3 d6 5. g3 Be7 6. Bg2 O-O 7. e4 Nbd7 8. Nf3 a6
9. a4 b6 10. h3 Rb8 11. O-O Ne8 12. Be3 Nc7 13. Qe2 Re8 14. Rab1 b5 15. axb5
axb5 16. b4 cxb4 17. Rxb4 bxc4 18. Rxb8 Nxb8 19. Rb1 Ba6 20. Qa2 Nd7 21. Bf1 Qa8
22. Bxc4 Rc8 23. Bxa6 Nxa6 24. Ra1 Rxc3 25. Qxa6 Qxa6 26. Rxa6 Rc7 27. Rc6 Rb7
28. Nd2 Nf6 29. f4 Rd7 30. Kf2 Ne8 31. fxe5 dxe5 32. Nc4 f6 33. Nb6 Rd8 34. Nc8
Rd7 35. Nb6 Rd8 36. Nc8 Kf7 37. Ke2 Rd7 38. Kd3 h5 39. Kc4 Bd8 40. Kd3 Be7 41.
Kc4 Bd8 42. Bc5 Rb7 43. Bb6 Bxb6 44. Nxb6 f5 45. exf5 Nf6 46. d6 Rb8 47. Rc7+
Ke8 48. Kc5 Rd8 49. Re7+ Kf8 50. Rxe5 Rb8 51. Re7 Rd8 52. Kc6 Ne8 53. Re6 Nxd6
54. Rxd6 Re8 55. Re6 Rd8 56. Nd7+ Kg8 57. Kd6 Ra8 58. Ke7 Kh7 59. f6 gxf6 60.
Kxf6 Ra3 61. Kf7 Rf3+ 62. Rf6 1-0

[Event "TCh-CHN"]
[Site "Shanghai CHN"]
[Date "2010.07.26"]
[Round "9"]
[White "Tan, Zhongyi"]
[Black "Fan, Yun"]
[Result "1-0"]
[WhiteTitle "WGM"]
[WhiteElo "2464"]
[BlackElo "1962"]
[WhiteTeam "China Mobile CHONGQING"]
[BlackTeam "BEIJING Rendafuzhong"]
[WhiteFideId "8603642"]
[BlackFideId "8603731"]
[EventDate "2010.05.23"]

1. d4 d5 2. c4 e6 3. Nf3 Nf6 4. Nc3 Be7 5. Bg5 O-O 6. e3 h6 7. Bh4 b6 8. Bd3 Bb7
9. O-O Nbd7 10. Qe2 Ne4 11. Bg3 Nxg3 12. hxg3 c5 13. Rfd1 cxd4 14. Nxd4 Ne5 15.
cxd5 Nxd3 16. Qxd3 Bxd5 17. Qb5 a6 18. Qe2 Bf6 19. e4 Bxd4 20. Rxd4 Qf6 21. e5
Qf5 22. Nxd5 exd5 23. Rxd5 Rfc8 24. g4 Qf4 25. e6 fxe6 26. Qxe6+ Qf7 27. Re1 Re8
28. Qxf7+ Kxf7 29. Rd7+ Kf8 30. Kf1 Rac8 31. Rd6 Rxe1+ 32. Kxe1 Rb8 33. b4 Ke7
34. Rg6 Kf7 35. Rc6 Rb7 36. Ke2 Ke8 37. Rc8+ Kd7 38. Ra8 Kc6 39. a4 Re7+ 40. Kd3
Kb7 41. Rg8 Kc6 42. f4 Kc7 43. Kd4 Kc6 44. g3 Kb7 45. Kd5 Kc7 46. Ra8 Kb7 47.
Rf8 Kc7 48. Rg8 Rf7 49. Ke6 Rd7 50. f5 Rd6+ 51. Kf7 Rd4 52. Rxg7 Rxb4 53. f6 Kd7
54. Kg8+ 1-0

[Event "TCh-CHN"]
[Site "Shanghai CHN"]
[Date "2010.07.26"]
[Round "9"]
[White "Li, Chao b"]
[Black "Lu, Shanglei"]
[Result "1-0"]
[WhiteTitle "GM"]
[WhiteElo "2613"]
[BlackElo "2340"]
[WhiteTeam "BEIJING Aigo"]
[BlackTeam "ZHEJIANG"]
[WhiteFideId "8604436"]
[BlackFideId "8603332"]
[EventDate "2010.05.23"]

1. e4 c5 2. Nf3 d6 3. d4 cxd4 4. Nxd4 Nf6 5. Nc3 a6 6. Bg5 e6 7. f4 Nc6 8. Qd2
h6 9. Bxf6 Qxf6 10. Nf3 b5 11. O-O-O Qd8 12. Bd3 Bb7 13. Kb1 Be7 14. f5 Bf6 15.
Ne2 exf5 16. Ng3 Qa5 17. exf5 Qxd2 18. Rxd2 O-O-O 19. c4 Nb4 20. cxb5 Nxd3 21.
Rxd3 axb5 22. Re1 Kc7 23. Nh5 Bxf3 24. gxf3 Rhe8 25. Rc1+ Kb7 26. Ng3 Bg5 27.
Rcd1 Kc6 28. Rd5 Re3 29. Ne4 Bf4 30. Nc3 b4 31. Ne4 Bxh2 32. R5d4 Rxf3 33. Rxb4
Rxf5 34. a4 h5 35. Rc1+ Kd7 36. Rb7+ Ke8 37. b4 d5 38. Nc5 Bf4 39. Re1+ Re5 40.
Rh1 Be3 41. Nd3 Rg5 42. Rh3 Rg1+ 43. Ka2 Bd4 44. Rxh5 g6 45. Rh4 Bg7 46. Rh3 Rc8
47. Re3+ Kd8 48. Ne1 Rc1 49. Rbe7 Bf6 50. Re8+ Kd7 51. a5 d4 52. Re2 Rd1 53. Rf8
Bh4 54. Nf3 Ra1+ 55. Kb3 Rgb1+ 56. Kc4 Be7 57. Ne5+ Kc7 58. Rxf7 Rxb4+ 59. Kd5
Rxa5+ 60. Ke6 d3 61. Rxe7+ Kb6 62. Nxd3 Rb3 63. Rd7 Raa3 64. Ne5 Ra6 65. Rc2 Re3
66. Rc6+ 1-0

[Event "TCh-CHN"]
[Site "Shanghai CHN"]
[Date "2010.07.26"]
[Round "9"]
[White "Yu, Yangyi"]
[Black "Yu, Lie"]
[Result "1/2-1/2"]
[WhiteTitle "GM"]
[WhiteElo "2574"]
[BlackElo "2407"]
[WhiteTeam "BEIJING Aigo"]
[BlackTeam "ZHEJIANG"]
[WhiteFideId "8603820"]
[BlackFideId "8603715"]
[EventDate "2010.05.23"]

1. e4 e5 2. Nc3 Nf6 3. g3 d5 4. exd5 Nxd5 5. Bg2 Nxc3 6. bxc3 Bd6 7. Nf3 O-O 8.
O-O Nd7 9. d4 h6 10. Re1 exd4 11. cxd4 Nb6 12. Qd3 c5 13. dxc5 Bxc5 14. Qc3 Be7
15. Ba3 Bxa3 16. Qxa3 Qc7 17. Re7 Qxc2 18. Rc1 Nc4 19. Rxc2 Nxa3 20. Rc1 Rb8 21.
Re3 Nb5 22. Rd3 a6 23. a4 Bf5 24. Rdd1 Na7 25. Ne5 Rfe8 26. f4 Re7 27. Bd5 Rbe8
28. g4 Be6 29. Bxe6 Rxe6 30. Rc7 Nc6 31. Nxf7 Rf6 32. Rdd7 Rxf4 33. h3 Nb8 34.
Rd8 Rxd8 35. Nxd8 Nc6 36. Nxb7 Nd4 37. Nc5 a5 38. Kg2 Kh7 39. Ra7 h5 40. gxh5
Rf5 41. Ne4 Ne6 42. Kg3 Kh6 43. Ra6 Re5 44. Nd2 Kxh5 45. Nc4 Nc5 46. Ra8 Re4 47.
Nxa5 Rxa4 48. Rh8+ 1/2-1/2

[Event "TCh-CHN"]
[Site "Shanghai CHN"]
[Date "2010.07.26"]
[Round "9"]
[White "Bu, Xiangzhi"]
[Black "Wang, Li"]
[Result "1-0"]
[WhiteTitle "GM"]
[WhiteElo "2682"]
[BlackElo "2383"]
[WhiteTeam "SHANGDONG Linglong"]
[BlackTeam "HEBEI"]
[WhiteFideId "8601445"]
[BlackFideId "8604460"]
[EventDate "2010.05.23"]

1. c4 e5 2. Nc3 Nf6 3. g3 d5 4. cxd5 Nxd5 5. Bg2 Nb6 6. Nf3 Nc6 7. O-O Be7 8.
Rb1 g5 9. d3 h5 10. Be3 f5 11. Nd2 Be6 12. b4 Nd5 13. Qc1 Nxc3 14. Qxc3 Nd4 15.
Bxd4 exd4 16. Qc2 c6 17. b5 Rc8 18. bxc6 bxc6 19. Rb7 Qa5 20. Nb3 Qe5 21. Qb2 c5
22. Na5 Qd6 23. Rxa7 O-O 24. Qb7 Rf7 25. Ra6 1-0

[Event "TCh-CHN"]
[Site "Shanghai CHN"]
[Date "2010.07.26"]
[Round "9"]
[White "Zhang, Pengxiang"]
[Black "Zhao, Jun"]
[Result "1/2-1/2"]
[WhiteTitle "GM"]
[BlackTitle "GM"]
[WhiteElo "2605"]
[BlackElo "2575"]
[WhiteTeam "HEBEI"]
[BlackTeam "SHANGDONG Linglong"]
[WhiteFideId "8600970"]
[BlackFideId "8602522"]
[EventDate "2010.05.23"]

1. e4 c5 2. Nf3 d6 3. d4 cxd4 4. Nxd4 Nf6 5. Nc3 a6 6. f4 Qc7 7. Bd3 g6 8. Be3
Bg7 9. h3 b5 10. Qf3 Bb7 11. g4 Nbd7 12. g5 Nh5 13. Nd5 Qa5+ 14. Bd2 Qd8 15. Be3
e6 16. Nc3 Nxf4 17. Qxf4 e5 18. Ne6 exf4 19. Nxd8 Rxd8 20. Bxf4 Nc5 21. O-O-O
O-O 22. Rhe1 Rfe8 23. Nd5 Bxd5 24. exd5 Nxd3+ 25. cxd3 Be5 26. Bd2 1/2-1/2